| 000 | 01032nas a2200325 4500 | ||
|---|---|---|---|
| 001 | BR2019001660 | ||
| 003 | BR-BrBNA | ||
| 005 | 20231205131944.0 | ||
| 007 | ta | ||
| 008 | 230509b bl.|||p| |||| 00| 00por d | ||
| 040 |
_aBR-BrBNA _bpor _cBiblioteca Nacional de Agricultura |
||
| 041 | _a(En) | ||
| 072 | _aH10 | ||
| 100 | 1 | _aOliveira, A. da S. | |
| 100 | 1 | _aCastellani, M.A. | |
| 100 | 1 | _aMoreira, A.A. | |
| 100 | 1 | _aNascimento, A.S. do | |
| 100 | 1 | _aAzevedo, M.S. | |
| 100 | 1 | _aOliveira, V.G. | |
| 245 | 1 | _aEfficacy of insecticides in fruit borer control and residues on sugar apple fruit | |
| 650 | _aFRUTA DE CONDE | ||
| 650 | _aPRAGA DE PLANTA | ||
| 650 | _aBROCA DO FRUTO | ||
| 650 | _aCONTROLE QUÍMICO | ||
| 650 | _aCONTROLE BIOLÓGICO | ||
| 773 | 0 |
_tRevista Ceres (Brazil) _xISSN 2177-3411 _g(Mar-Apr 2017), v. 64(2) p. 132-137 _wBR2019001660 |
|
| 856 | 4 | 0 | _uhttp://www.scielo.br/pdf/rceres/v64n2/2177-3491-rceres-64-02-00132.pdf |
| 909 |
_a202311 _bLúcia _c55 _dLúcia Elande |
||
| 942 |
_2AGRIS _n0 _cANA |
||
| 999 |
_c257665 _d257665 |
||